000 00996na a2200253 4500
001 18648
003 MIRAKIL
005 20181213155121.0
008 161123b tu 000 0
035 _a18648
040 _aMilas
_btur
_cTR-AnCHP
041 _atur
082 _a351.1
_bT96 2003
090 _a351.1 T96 2003
111 _aTürkiye'de Kamu Personel Rejiminin Yeniden Yapılandırılması Sempozyumu
_cAnkara
_d2003
245 _aTürkiye'de kamu personel rejiminin yeniden yapılandırılması sempozyumu
_b22-23 Şubat 2003
_cT.C. Devlet Bakanlığı ve Başbakan Yardımcılığı
260 _aAnkara
_bT.C. Devlet Bakanlığı ve Başbakan Yardımcılığı
_c2003
300 _a394 s.
_bfotg.
_c24 sm.
490 _aT.C. Devlet Bakanlığı ve Başbakan Yardımcılığı
_v42
650 _aKamu personeli
_xToplantılar
_zTürkiye
650 _aKamu yönetimi
_xToplantılar
_zTürkiye
710 _aT.C. Devlet Bakanlığı ve Başbakan Yardımcılığı
942 _2dcc
_cBKS
999 _c6843
_d6843